000 00375nam a2200145Ia 4500
008 231129s2001||||xx |||||||||||||| ||spa||
020 _a84-7720-865-4
040 _bspa
082 _aU813 F533m
100 _aFisher Robert
245 0 _aMira hacia atras y riete
260 _c2001
264 _aEdiciones Obelisco
942 _2ddc
_cBKS
999 _c21239
_d21239